Ojos que no ven = Look not with the eyes
Guardat en:
| Autor principal: | |
|---|---|
| Altres autors: | |
| Format: | Llibre |
| Idioma: | espanyol anglès |
| Publicat: |
Santiago, Chile:
Ograma,
2018
|
| Matèries: | |
| Etiquetes: |
Afegir etiqueta
Sense etiquetes, Sigues el primer a etiquetar aquest registre!
|
MARC
| LEADER | 00000cam a2200000 a 4500 | ||
|---|---|---|---|
| 001 | UCC8785 | ||
| 003 | CL-VaPUC | ||
| 005 | 20220510104452.0 | ||
| 008 | 190814e20180000cl |||||||||||||||||spa|d | ||
| 999 | |c 375036 |d 375034 | ||
| 020 | |a 9789563988406 | ||
| 040 | |c Pontificia Universidad Católica de Valparaíso | ||
| 041 | 0 | 7 | |a spa |2 CL-VaPUC |
| 041 | 0 | 7 | |a eng |2 CL-VaPUC |
| 082 | 0 | 4 | |a 770.983 ERR 2018 |2 21 |
| 100 | 0 | |a Errázuriz, Paz |e autora |9 603496 | |
| 245 | 1 | 0 | |a Ojos que no ven = Look not with the eyes |
| 260 | |a Santiago, Chile: |b Ograma, |c 2018 | ||
| 300 | |a 156 páginas | ||
| 500 | |a C.2 Donación Profesor Raúl Rodríguez. Director Doctorado Literatura. Memo 03/2022. 30.03.2022 | ||
| 583 | |a last modification |c 20190814 14:59:00 |k Rodrigo Vera | ||
| 650 | 0 | |a Fotografías artísticas |9 535989 | |
| 650 | 0 | |a Fotografía de personas |2 CL-VaPUC |9 545415 | |
| 700 | 0 | |a Díaz, Jorge |e autor |9 603497 | |
| 852 | |a BIBCUR | ||
| 942 | |c BK |2 ddc | ||
| 945 | |d 20190814 14:59:00 |a dcastane | ||
| 952 | |0 0 |1 0 |3 erb |4 0 |6 770_983000000000000_ERR_2018 |7 0 |8 R |9 493888 |a BIBART |b BIBART |d 2019-08-06 |e 45 |g 11900.00 |i 5556996 |l 1 |o 770.983 ERR 2018 |p 5556996 |r 2025-03-13 |s 2022-04-18 |v 11900.00 |w 2019-11-24 |y BK_R |z Catalogado en:20190814 |k ART | ||
| 952 | |0 0 |1 0 |2 ddc |4 0 |6 770_983000000000000_ERR_2018 |7 0 |8 A |9 582989 |a FDOPOS |b FDOPOS |c GEN |d 2022-05-10 |e Donación |i 5651146 |o 770.983 ERR 2018 |p 5651146 |r 2025-01-22 |t 2 |w 2022-05-10 |y BK |k DLH | ||